00631nam a2200157Ia 4500008004100000020001800041050001800059100003500077245015300112260005200265300001800317650004100335700003600376700003100412700003000443120626s1986 mx 000 0 spa d a968-18-2216-1 aHA29 S69 1986 aSpurr, William A.eautord1905 aToma de decisiones en administración c/ William a. Spurr y Charles P. Bonini ; vers. Española Luis Eduardo López Castro, Clara Zomer Rezler  aMéxicob : Ciencia y técnica : Limusac1986 a3 volúmenes aESTADÍSTICAxESTUDIO Y ENSEÑANZA aZomer Rezler, Clara etraductor aLópez Castro, Luis tr. aBonini, Charles P.eautor